|
|
|
|
| LEADER |
02757nam a2200637 i 4500 |
| 001 |
mzk03001274577 |
| 003 |
CZ BrMZK |
| 005 |
20200910122512.0 |
| 007 |
ta |
| 008 |
200910s1605 sz fr|||||00| ||latod |
| 040 |
|
|
|a BOA001
|b cze
|e rda
|
| 072 |
|
7 |
|a 27-1/-2
|x Křesťanská teologie. Dogmatická teologie
|2 Konspekt
|9 5
|
| 072 |
|
7 |
|a 094
|x Staré tisky
|2 Konspekt
|9 12
|
| 080 |
|
|
|a 272-1
|2 MRF
|
| 080 |
|
|
|a 272-184.3
|2 MRF
|
| 080 |
|
|
|a 27
|2 MRF
|
| 080 |
|
|
|a 82-82
|2 MRF
|
| 080 |
|
|
|a 025.171
|2 MRF
|
| 080 |
|
|
|a (0.068)094
|2 MRF
|
| 100 |
0 |
|
|a Thomas of Ireland,
|d asi 1265-asi 1329
|7 mzk2003199146
|4 aut
|
| 245 |
1 |
0 |
|a [FLORES DOCTORVM PENE OMNIVM :
|b Qui tum in Theologia, tum in Philosophia hactenus claruerunt /
|c PER THOMAM HIBERNICVM olim summa cum diligentia collecti, ac ordine Alphabetico digesti]
|
| 246 |
3 |
3 |
|a FLORES DOCTORVM PENE OMNIVM
|
| 246 |
3 |
3 |
|a FLORES DOCTORUM PENE OMNIUM
|
| 246 |
3 |
8 |
|a Flores Doctorum
|
| 250 |
|
|
|a [POSTREMA EDITIO prioribus emendatior, multis sententiarum Chiliadibus locupletior Post praefationem additi sunt Titulorum & Auctorum INDICES]
|
| 264 |
|
1 |
|a [Genf] :
|b [APVD IACOBVM STOER],
|c [1605]
|
| 300 |
|
|
|a 12 nečíslovaných stran, 1054 stran ;
|c 8°
|
| 336 |
|
|
|a text
|b txt
|2 rdacontent
|
| 337 |
|
|
|a bez média
|b n
|2 rdamedia
|
| 338 |
|
|
|a svazek
|b nc
|2 rdacarrier
|
| 500 |
|
|
|a Rozsah: [12], 1054 s.
|
| 500 |
|
|
|a Výzdoba: Vlysy, iniciály, viněta, jednoduché linky
|
| 500 |
|
|
|a Údaje z titulního listu a nakladatelské údaje dle Zentralbibliothek Zürich
|
| 510 |
3 |
|
|a Zentralbibliothek Zürich
|
| 561 |
|
|
|a Provenience: [m.p.] Monasterij S. Wenceslai Braunae
|
| 561 |
|
|
|a Provenience: [razítko] S.A.B. BRAUNAU
|
| 561 |
|
|
|a Provenience: [razítko] Státní knihovna Hradec Králové 4464
|
| 563 |
|
|
|a Původní pergamenová vazba, lepenkové desky, na hřbetě rukopisný nápisový štítek, dva usňové proužky - defektní (1 chybí)
|
| 590 |
|
|
|a Chybí titulní list
|
| 650 |
|
7 |
|a katolická teologie
|7 ph114892
|2 czenas
|
| 650 |
|
7 |
|a katolická víra
|7 ph121532
|2 czenas
|
| 650 |
|
7 |
|a křesťanství
|7 ph115073
|2 czenas
|
| 650 |
|
7 |
|a antologie
|7 ph118523
|2 czenas
|
| 650 |
|
7 |
|a historické knihovní fondy
|7 ph172933
|2 czenas
|
| 655 |
|
7 |
|a staré tisky
|7 fd422076
|2 czenas
|
| 856 |
4 |
2 |
|u https://www.e-rara.ch/zuz/content/zoom/12227762
|y Digitalizovaný dokument
|z Exemplář z Zentralbibliothek Zürich
|
| 903 |
|
|
|a RP
|
| 910 |
|
|
|a NAG950
|b B - II. G. aa. 50,1
|
| 978 |
|
|
|b Stoer, Jacob
|a Genève
|c 1605
|
| 982 |
0 |
|
|a Broumov - benediktinský klášter
|
| 982 |
0 |
|
|a Hradec Králové - SVK
|
| 984 |
|
|
|a Ženeva
|b Švýcarsko
|
| 985 |
|
|
|a 1601-1650
|
| 990 |
|
|
|a BK
|
| 991 |
|
|
|k broumov
|
| 980 |
|
|
|c 003985
|g B - II. G. aa. 50,1
|1 458950003985
|p II. G. 17; II. E. bb. 47
|